000
00180 a2200097 4500
020
_a
9780446516778
041
_a
eng
100
_a
Larry Bond
245
_a
Day of wrath
942
_c
BK
999
_c
11437
_d
11437